An introductory treatise on the lunar theory (Record no. 3198)

MARC details
000 -LEADER
fixed length control field 00545nam a2200193Ia 4500
003 - CONTROL NUMBER IDENTIFIER
control field IN-BaIIA
008 - FIXED-LENGTH DATA ELEMENTS--GENERAL INFORMATION
fixed length control field 211028s9999 xx 000 0 eng d
040 ## - CATALOGING SOURCE
Transcribing agency IIA Library
080 ## - UNIVERSAL DECIMAL CLASSIFICATION NUMBER
Universal Decimal Classification number 523.34
Item number BRO
100 ## - MAIN ENTRY--PERSONAL NAME
Personal name Brown, Ernest W.
9 (RLIN) 1360
245 #3 - TITLE STATEMENT
Title An introductory treatise on the lunar theory
Statement of responsibility, etc. Ernest W. Brown
260 ## - PUBLICATION, DISTRIBUTION, ETC.
Place of publication, distribution, etc. New York
Name of publisher, distributor, etc. Dover Publications
Date of publication, distribution, etc. 1960
300 ## - PHYSICAL DESCRIPTION
Extent xvi, 292p.
490 ## - SERIES STATEMENT
Series statement Dover books on science
650 ## - SUBJECT ADDED ENTRY--TOPICAL TERM
Topical term or geographic name entry element Astronomy and astrophysics thesaurus
650 ## - SUBJECT ADDED ENTRY--TOPICAL TERM
Topical term or geographic name entry element Lunar theory
9 (RLIN) 694
650 ## - SUBJECT ADDED ENTRY--TOPICAL TERM
Topical term or geographic name entry element Moon
942 ## - ADDED ENTRY ELEMENTS (KOHA)
Koha item type Books
Holdings
Withdrawn status Lost status Damaged status Not for loan Home library Current library Shelving location Date acquired Cost, normal purchase price Total Checkouts Full call number Barcode Date last seen Cost, replacement price Price effective from Koha item type Purchase Price
        IIA Library-Bangalore IIA Library-Bangalore General Stacks 03/03/1969 14.40   523.34/ BRO 3552 05/11/2021 14.40 03/03/1969 Books Rs. 14.40

Powered by Koha